Nombre de réfugiés en Europe - Statistiques

Statistiques générales
  • Ce quiz a été pris 50 fois
  • Le résultat moyen est 8 sur 10
Statistiques - réponses
Nombres Pays % Correct
1 063 837 Allemagne
93%
368 352 France
93%
189 243 Italie
89%
126 720 Royaume-Uni
89%
77 397 Russie
76%
101 837 Pays-Bas
71%
248 226 Suède
71%
104 037 Suisse
67%
3 681 685 Turquie
62%
128 769 Autriche
49%
Aucun quiz correspondant
Distribution des résultats
% des personnes avec chaque résultat
Percentile par nombre de réponses
Votre historique - résultats
Vous n’avez pas pris ce quiz